|
|
|
|
| LEADER |
00728nab a2200205 i 4500 |
| 001 |
acta48867 |
| 005 |
20251001141541.0 |
| 008 |
170706s2016 hu o 000 eng d |
| 022 |
|
|
|a 1588 2039
|
| 040 |
|
|
|a SZTE Egyetemi Kiadványok Repozitórium
|b hun
|
| 041 |
|
|
|a eng
|
| 100 |
1 |
|
|a Bagi Zoltán Péter
|
| 245 |
1 |
4 |
|a The organization of the imperial army in the Fifteen Years war
|h [elektronikus dokumentum] /
|c Bagi Zoltán Péter
|
| 260 |
|
|
|c 2016
|
| 300 |
|
|
|a 168-180
|
| 490 |
0 |
|
|a Chronica
|v 12
|
| 650 |
|
4 |
|a Bölcsészettudományok
|
| 650 |
|
4 |
|a Történettudomány és régészet
|
| 695 |
|
|
|a Hadsereg - Habsburg Birodalom - 1591–1606
|
| 856 |
4 |
0 |
|u http://acta.bibl.u-szeged.hu/48867/1/chronica_012_168-180.pdf
|z Dokumentum-elérés
|